Olivia Rodrigo - Chansons dans des films et séries - Statistiques

Statistiques générales
  • Ce quiz a été pris 44 fois
    33 depuis la dernière actualisation
  • Le résultat moyen est 5 sur 18
Statistiques - réponses
Hint Réponse % Correct
Films 2023 Hunger Games : La Ballade du Serpent et de l'Oiseau chanteur
68%
Séries 2019 - 2023 High School Musical : The Musical: The Series
64%
Films 2023 Can't Catch Me Now
55%
Séries 2022 - 2025 L'été où je suis devenue jolie
45%
Séries 2019 - 2023 All I Want
41%
Films 2022 brutal
27%
Séries 2023 brutal
27%
Séries 2022 brutal
27%
Séries 2023 brutal
27%
Séries 2023 brutal / good 4 u
27%
Séries 2022 - 2025 lacy / making the bed
23%
Séries 2024 good 4 u
14%
Films 2022 Si tu me venges…
14%
Séries 2024 Heartstopper
5%
Séries 2022 Le pouvoir
5%
Séries 2021 - 2024 Qui ment ?
5%
Séries 2023 Super Pumped
5%
Séries 2023 The Imperfects
5%
Aucun quiz correspondant
Distribution des résultats
% des personnes avec chaque résultat
Percentile par nombre de réponses
Votre historique - résultats
Vous n’avez pas pris ce quiz depuis la dernière actualisation